000
00186 a2200097 4500
020
_a
9789992471876
041
_a
spa
100
_a
Pablo Antonio Cuadra
245
_a
La cegua
942
_c
BK
999
_c
11881
_d
11881